Conservation des ecosystemes mediterraneens : enjeux et perspectives
Αποθηκεύτηκε σε:
| Μορφή: | Βιβλίο |
|---|---|
| Γλώσσα: | French |
| Δημοσίευση: |
Paris :
Economica, Centre d'Activites Regionales du Plan Bleu pour la Mediterranee,
c1990
|
| Σειρά: | Fascicules du Plan bleu ;
; 3 |
| Θέματα: | |
| Ετικέτες: |
Προσθήκη ετικέτας
Δεν υπάρχουν, Καταχωρήστε ετικέτα πρώτοι!
|
MARC
| LEADER | 00000nam a2200000 i 4500 | ||
|---|---|---|---|
| 001 | 1/9287 | ||
| 008 | 970207s1990 fre d | ||
| 020 | |a 2-7178-2025-6 | ||
| 035 | |l 10017417 | ||
| 040 | |a GR-MY-UA |b gre |e aacr | ||
| 041 | 0 | |a fre | |
| 082 | 0 | |a 333.9516091822 | |
| 245 | 1 | 0 | |a Conservation des ecosystemes mediterraneens : |b enjeux et perspectives / |c Francois Ramade...[et al.] ; Preface de Michel Batisse |
| 260 | |a Paris : |b Economica, |b Centre d'Activites Regionales du Plan Bleu pour la Mediterranee, |c c1990 | ||
| 300 | |a xvi, 144 p.; |b ill., maps; |c 25 cm | ||
| 490 | 1 | |a Fascicules du Plan Bleu |v ; 3 | |
| 504 | |a Includes bibliographical references and index | ||
| 650 | 0 | 0 | |a Nature conservation |z Mediterranean Region. |
| 650 | 0 | 0 | |a Biological diversity conservation |z Mediterranean Region. |
| 650 | 0 | 0 | |a Environmental policy |z Mediterranean Region. |
| 650 | 0 | 0 | |a Ecology |z Mediterranean Region. |
| 830 | 0 | |a Fascicules du Plan bleu ; |v ; 3 | |
| 852 | |a INST |b LESVOS |e 19970207 |h 333.9516091822 CON |p 005100007669 |q 005100007669 |t BK |y 0 | ||
| 909 | |a Λ |b 028623 | ||